| 000 | 00476nam a2200169Ia 4500 | ||
|---|---|---|---|
| 999 |
_c1715 _d1715 |
||
| 003 | OSt | ||
| 005 | 20200925114736.0 | ||
| 008 | 190216s9999||||xx |||||||||||||| ||und|| | ||
| 040 | _coclc | ||
| 082 |
_a581.5 _bKUM/P |
||
| 100 |
_aKumaresan, V _94997 |
||
| 245 | 0 |
_aPlant Ecology & Phytogeography / _cV Kumaresan |
|
| 260 |
_bSaras Publications, _aNagercoil: _c2001. |
||
| 300 | _a442p | ||
| 650 | _aBotany | ||
| 942 |
_cBK _2ddc _h581.5 _iKUM/P _k581.5 _mKUM/P |
||